| 000 | 00768cam a22002651 4500 | ||
|---|---|---|---|
| 001 | sa 67000778 | ||
| 003 | DLC | ||
| 005 | 20260227112317.0 | ||
| 008 | 740123s1966 ii 000 0 eng | ||
| 010 | _asa 67000778 | ||
| 025 | _aPL480:I-E-7310 | ||
| 040 |
_aDLC _cDLC _dDLC |
||
| 043 | _aa-ii--- | ||
| 050 | 0 | 0 |
_aKNS856 _b.S46 1966 |
| 082 | 0 | 0 | _a347.70954 |
| 100 | 1 |
_aSen, Arun Kumar, _d1905- |
|
| 245 | 1 | 0 |
_aCommercial and industrial law, _cby Arun Kumar Sen and Jitendra Kumar Mitra. |
| 250 | _a[7th ed.] | ||
| 260 |
_aCalcutta, _bWorld Press, _c1966. |
||
| 300 |
_axv, 551, 116, 8, 2 p. _c23 cm. |
||
| 350 | _aRs16 | ||
| 650 | 0 |
_aCommercial law _zIndia. |
|
| 650 | 0 |
_aLabor laws and legislation _zIndia. |
|
| 700 | 1 |
_aMitra, Jitendra Kumar, _ejoint author. |
|
| 999 |
_c72206 _d72206 |
||